|
|
|
|
| LEADER |
00699nam a2200205 a 4500 |
| 001 |
c000089708 |
| 003 |
CARM |
| 005 |
00000000000000.0 |
| 008 |
930420s1954 enk 00011 eng d |
| 019 |
1 |
|
|a 9973589
|5 LACONCORD2021
|
| 035 |
|
|
|a (OCoLC)30205172
|5 LACONCORD2021
|
| 040 |
|
|
|a VLINC
|c VLINC
|
| 100 |
1 |
|
|a Trent, Guy.
|
| 245 |
1 |
0 |
|a Carey /
|c by Guy Trent.
|
| 260 |
|
|
|a London :
|b Hurst & Blackett,
|c 1954.
|
| 300 |
|
|
|a 192 p. ;
|c 19 cm.
|
| 852 |
8 |
|
|b CARM
|h A2:AD28G0
|i A01375
|p 0116821
|f BK
|
| 082 |
0 |
4 |
|a 823.914
|2 20
|
| 999 |
f |
f |
|i 2953e824-5721-51b2-a404-e9009883e55b
|s 98d95c43-37ca-5ef8-a3f5-801d8eec027e
|
| 952 |
f |
f |
|p Can circulate
|a CAVAL
|b CAVAL
|c CAVAL
|d CARM 1 Store
|e A01375
|f A2:AD28G0
|h Other scheme
|i book
|m 0116821
|